Manis Tentang Kita / (Record no. 202878)
[ view plain ]
| 000 -LEADER | |
|---|---|
| fixed length control field | 00885nam a2200253 i 4500 |
| 005 - DATE AND TIME OF LATEST TRANSACTION | |
| control field | 20260126161009.0 |
| 008 - FIXED-LENGTH DATA ELEMENTS--GENERAL INFORMATION | |
| fixed length control field | 260126s2024 my gr 000 fdmay d |
| 020 ## - INTERNATIONAL STANDARD BOOK NUMBER | |
| International Standard Book Number | 9789674692247 |
| Terms of availability | RM34.00 |
| Qualifying information | paperback |
| 040 ## - CATALOGING SOURCE | |
| Original cataloging agency | PPAK |
| Language of cataloging | eng |
| Transcribing agency | PPAK |
| Description conventions | rda |
| 082 04 - DEWEY DECIMAL CLASSIFICATION NUMBER | |
| Edition number | 23 |
| Classification number | 899.2333 |
| 090 00 - LOCALLY ASSIGNED LC-TYPE CALL NUMBER (OCLC); LOCAL CALL NUMBER (RLIN) | |
| Classification number (OCLC) (R) ; Classification number, CALL (RLIN) (NR) | 899.2333 |
| Feature heading | LIZ |
| Feature heading | G |
| 100 0# - MAIN ENTRY--PERSONAL NAME | |
| Personal name | Liza Ali, |
| Relator term | author. |
| 245 10 - TITLE STATEMENT | |
| Title | Manis Tentang Kita / |
| Statement of responsibility, etc. | LIZA ALI, WAN MAHANI WAN HASSAN ; Editor: Jabatan Editorial Karyaseni |
| 264 #1 - PRODUCTION, PUBLICATION, DISTRIBUTION, MANUFACTURE, AND COPYRIGHT NOTICE | |
| Place of production, publication, distribution, manufacture | Cheras, Selangor : |
| Name of producer, publisher, distributor, manufacturer | PENERBITAN KARYASENI SDN. BHD., |
| Date of production, publication, distribution, manufacture, or copyright notice | 2024 |
| 300 ## - PHYSICAL DESCRIPTION | |
| Extent | iii, 797 pages ; |
| Dimensions | 19 cm |
| 336 ## - CONTENT TYPE | |
| Content type term | text |
| Source | rdacontent |
| 337 ## - MEDIA TYPE | |
| Media type term | unmediated |
| Source | rdamedia |
| 338 ## - CARRIER TYPE | |
| Carrier type term | volume |
| Source | rdacarrier |
| 650 10 - SUBJECT ADDED ENTRY--TOPICAL TERM | |
| Topical term or geographic name entry element | Malay fiction |
| Topical term or geographic name entry element | Malaysian fiction (Malay) |
| 700 0# - ADDED ENTRY--PERSONAL NAME | |
| Personal name | Wan Mahani Wan Hassan, |
| Relator term | author. |
| 710 2# - ADDED ENTRY--CORPORATE NAME | |
| Corporate name or jurisdiction name as entry element | Jabatan Editorial Karyaseni, |
| Relator term | editor. |
| 942 ## - ADDED ENTRY ELEMENTS (KOHA) | |
| Source of classification or shelving scheme | Dewey Decimal Classification |
| Koha item type | Book |
| Withdrawn | Not for loan | Current library | Shelving location | Date acquired | Total Checkouts | Full call number | Barcode | Date last seen | Koha item type | Checked out | Date last checked out |
|---|---|---|---|---|---|---|---|---|---|---|---|
| Perpustakaan Alor Setar | Pinjaman Dewasa | 04/02/2026 | 899.2333 LIZ | A01904323 | 04/02/2026 | Book | |||||
| Perpustakaan Awam Sungai Petani | Pinjaman Dewasa | 04/02/2026 | 1 | 899.2333 LIZ | A01904324 | 15/04/2026 | Book | 06/05/2026 | 15/04/2026 | ||
| Perpustakaan Baling | Pinjaman Dewasa | 04/02/2026 | 899.2333 LIZ | A01904328 | 04/02/2026 | Book | |||||
| Perpustakaan Bandar Baharu | Pinjaman Dewasa | 04/02/2026 | 899.2333 LIZ | A01904329 | 04/02/2026 | Book | |||||
| Perpustakaan Jitra | Pinjaman Dewasa | 04/02/2026 | 899.2333 LIZ | A01904325 | 04/02/2026 | Book | |||||
| Perpustakaan Kuala Nerang | Pinjaman Dewasa | 04/02/2026 | 899.2333 LIZ | A01904333 | 04/02/2026 | Book | |||||
| Perpustakaan Kulim | Pinjaman Dewasa | 04/02/2026 | 899.2333 LIZ | A01904327 | 04/02/2026 | Book | |||||
| Perpustakaan Langkawi | Pinjaman Dewasa | 04/02/2026 | 899.2333 LIZ | A01904326 | 04/02/2026 | Book | |||||
| Perpustakaan Merbok | Pinjaman Dewasa | 04/02/2026 | 899.2333 LIZ | A01904330 | 04/02/2026 | Book | |||||
| Perpustakaan Pendang | Pinjaman Dewasa | 04/02/2026 | 899.2333 LIZ | A01904334 | 04/02/2026 | Book | |||||
| Perpustakaan Sik | Pinjaman Dewasa | 04/02/2026 | 899.2333 LIZ | A01904332 | 04/02/2026 | Book | |||||
| Perpustakaan Yan | Pinjaman Dewasa | 04/02/2026 | 899.2333 LIZ | A01904331 | 04/02/2026 | Book |